เปลี่ยนเป็นภาษาไทย

Change to English
 แสดงรายละเอียดบรรณานุกรม
  กลับหน้าหลัก

Brief Record : Get Marc (ISO 2709) : E-mail record : QR code < ปิดหน้าต่าง
mysqli: Table './ulib62015/stat_globaluid' is marked as crashed and should be repaired
select id from stat_globaluid where statuid='20260518024717_3713' 
mysqli: Table './ulib62015/stat_globaluid' is marked as crashed and should be repaired
DELETE FROM stat_globaluid
			WHERE id NOT IN (
			  SELECT id
			  FROM (
				SELECT id
				FROM stat_globaluid
				ORDER BY id DESC
				LIMIT 100
			  ) foo
			); 
mysqli: Table './ulib62015/stat_globaluid' is marked as crashed and should be repaired
insert into stat_globaluid set
		statuid='20260518024717_3713',
		dt='1779047237',
		phpself='/ULIB62015/dublinfull.php',
		agent='Mozilla/5.0 AppleWebKit/537.36 (KHTML, like Gecko; compatible; ClaudeBot/1.0; +claudebot@anthropic.com)',
		yea='2026',
		mon='5',
		dat='18',
		ip='216.73.216.45'
		
		
mysqli: Table './ulib62015/stathist_viewbib_bib_type' is marked as crashed and should be repaired
insert into stathist_viewbib_bib_type set 
		dat='18' ,
		 mon='05' ,
		  yea='2026' ,
			 statuid='20260518024717_3713' ,
			 head='13399121384' ,
			 foot='marc' ,
			 dt='1779047237' 
		
LEADER : 00000nam 2200000uu 4500
001    13399121384
003     ULIB
008    160216s2011||||th 000 0 eng d
020    ^a1435439872
020    ^a9781435439870
060 04 ^aW18.2^bJ76c 2011
100 1  ^aJones, Betty Davis
245 10 ^aComprehensive medical terminology /^cBetty Davis Jones
246 30 ^aMedical terminology
250    ^a4th ed
260    ^aClifton Park, N.Y. :^bDelmar Learning,^cc2011.
300    ^axxviii, 1118 p. :^bill. ;^c28 cm. +^e1 CD-ROM (4 3/4 in.)
500    ^a"StudyWARE TM to Accompany CD-ROM"
650  2 ^aMedicine^vNomenclature^vExaminations, questions, etc.
650  2 ^aMedicine^xTerminology^vExaminations, questions, etc.
650  2 ^aTerminology as Topic^vExamination Questions
945    ^p2000^l0^i022919
999    ^a57066
รายการนี้ยังไม่มีแท็ก
คุณยังไม่ได้ล็อกอิน คุณสามารถมีกิจกรรมร่วมกับเว็บไซต์ได้ แต่ต้องล็อกอินก่อน ::
  ล็อกอิน
  One Stop Service : ศูนย์ให้บริการแบบเบ็ดเสร็จ   จัดการหนังสือโปรด   แจ้งรายการบรรณานุกรมผิดพลาด
ลำดับที่ ประเภท เลขเรียก/บาร์โค้ด สถานที่ สถานะ
1. หนังสือ
หนังสือ
W18.2 J76c 2011  
  Barcode: 022919
หนังสือทั่วไป บนชั้น
  ขอยืม

BibComment


ยังไม่เคยถูกคอมเมนท์

คอมเมนท์ทรัพยากรรายการนี้
  คอมเมนท์: Comprehensive me..
Bib 13399121384

 
 
 

 Union Library Management : ULibM
Copyright 2026. All Rights Reserved.